000 00499ngm a2200193 i 4500
001 C2-0312666
003 PPAK
005 20180727220908.0
008 111017s2004 xxu|||| ||||| | vleng d
040 _aPPAK
_beng
_cPPAK
_erda
245 0 0 _aDoom
264 1 _aUnited States :
_bUniversal Pictures ,
_c2004
336 _2rdacontent
_atext
337 _2rdamedia
_aunmediated
338 _2rdacarrier
_avolume
700 _eauthor
700 1 _aBartkowiak, Andrzej,
_ecompile
942 _2ddc
_cDVD
999 _c166662
_d166662